000 00313nam a22001337a 4500
008 170519b xxu||||| |||| 00| 0 eng d
020 _a9780199271184
041 _aeng
080 _23RD
_a94(100)
100 _a16
101 _aSHH
245 _aTHE GLOBALIZATION OF WORLD POLITICS
_cBAYLIS, J
942 _2udc
_cBK
999 _c13471
_d13471